logo

Bir Sreshtho Munshi Abdur Rouf Library
Jhenaidah Cadet College

Great Moghuls / (Record no. 4196)

MARC details
000 -LEADER
fixed length control field 00516nam a2200205 a 4500
001 - CONTROL NUMBER
JCCL Control Number 4196
003 - CONTROL NUMBER IDENTIFIER
JCCL marc code BD-JhCC
005 - DATE AND TIME OF LATEST TRANSACTION
control field 20180208101014.0
008 - FIXED-LENGTH DATA ELEMENTS--GENERAL INFORMATION
fixed length control field 171123s1962 pk |||| |||| 000 0 eng d
035 ## - SYSTEM CONTROL NUMBER
system control number (BD-JhCC)
040 ## - CATALOGING SOURCE
Original cataloging agency BD-JhCC
Modifying agency BD-JhCC
041 ## - LANGUAGE CODE
Language code of Book eng
082 ## - DEWEY DECIMAL CLASSIFICATION NUMBER
Classification number 954.025
Author mark and Year WHY 1962
100 ## - MAIN ENTRY--PERSONAL NAME
Personal name Whyte, Ruth
245 ## - TITLE STATEMENT
Title Great Moghuls /
Statement of responsibility, etc Ruth Whyte
260 ## - PUBLICATION, DISTRIBUTION, ETC. (IMPRINT)
Place of publication, distribution, etc Pakistan :
Name of publisher, distributor, etc Oxford University Press, Karachi;
Date of publication, distribution, etc 1962
300 ## - PHYSICAL DESCRIPTION
Pagination 73 p.;
Dimensions 16 cm
650 ## - SUBJECT ADDED ENTRY--TOPICAL TERM
Topical term or geographic name as entry element Moghul empire
Geographic subdivision India
942 ## - ADDED ENTRY ELEMENTS (KOHA)
Source of classification or shelving scheme Dewey Decimal Classification
Koha item type Books
Holdings
Source of classification or shelving scheme Damaged status Not for loan Home library Current library Shelving location Date of accession Total Checkouts Full call number Barcode Date last seen Copy number Koha item type
Dewey Decimal Classification     JCC Rouf Library JCC Rouf Library General Stacks 11/23/2017   954.025 WHY 1962 5540 11/23/2017 C-1 Books
Dewey Decimal Classification     JCC Rouf Library JCC Rouf Library General Stacks 11/25/2017   954.025 WHY 1962 5626 11/25/2017 C-2 Books
Dewey Decimal Classification     JCC Rouf Library JCC Rouf Library General Stacks     954.025 WHY 1962 9721 02/06/2018 C - 3 Books

JCC Library | Contacts | JCC Home

Last Update on 23 September 2017
Copyright @ 2017-2020 JCC Rouf Library
Rouf Library, Jhenidah Cadet College (JCC), Bangladesh